00418nam a2200133Ia 4500999001700000082001200017100002800029245005300057260002900110300001000139650002300149942001200172952010000184 c10568d10568 aTL.0053 aLohar, Raghunath Makadu 0aAhilyabai Holkar va tichee karkeerd (in Marathi) c1976bUniversity of Pune a875p. aHOLKAR, AHILYABAI  cTH2ddc 00104070aNASSDOCbNASSDOCd2004-10-08l0oTL.0053p9911r2019-04-18 00:00:00w2019-04-18yTH